Telefonía celular /

El teléfono celular es el símbolo del cambio que trajeron las nuevas tecnologías. Ahora podemos comunicarnos todo el tiempo, en cualquier lugar. ¿Cómo condiciona nuestra vida diaria? ¿Es un servicio público? ¿Qué controles debería tener por parte del Estado?.

Guardado en:
Autor Principal: Avila, Benjamin.
Autor Corporativo: Canal Encuentro.
Otros Autores: Busaniche, Gisela; Conducción.
Formato: Deslizar
Publicado: Argentina, 2012.
Series:En el medio digital
Materias:
Acceso en línea:https://www.educ.ar/recursos/102975/telefonia-celular
Etiquetas: Agregar Etiqueta
Sin Etiquetas, Sea el primero en etiquetar este registro!
LEADER 01271ngm a22003375g 4500
001 CEM.cems024133
008 130507s2012##################0###0#####d
005 20250828161527.0
245 1 0 |a Telefonía celular /  |c Benjamin Avila, Maximiliano Dubois y Lorena Muñoz. 
260 |a Argentina,  |c 2012. 
300 |a 27'. 
490 0 |a En el medio digital 
500 |a Consultar en ventanilla. 
520 |a El teléfono celular es el símbolo del cambio que trajeron las nuevas tecnologías. Ahora podemos comunicarnos todo el tiempo, en cualquier lugar. ¿Cómo condiciona nuestra vida diaria? ¿Es un servicio público? ¿Qué controles debería tener por parte del Estado?. 
538 |a Soporte: DVD - Grabación DRD 
100 1 |a Avila, Benjamin. 
700 1 |a Busaniche, Gisela; Conducción. 
710 2 |a Canal Encuentro. 
082 6 0 |/ AVI 
653 |a DIGITAL 
653 |a TELEFONÍA 
653 |a TECNOLOGÍA 
653 |a COMUNICACIÓN 
653 |a REDES 
653 |a TELEFONIA CELULAR 
653 |a TELEFONIA FIJA 
653 |a REDES 
653 |a INFORMÁTICA 
653 |a PROGRAMA DE TELEVISIÓN 
856 |u https://www.educ.ar/recursos/102975/telefonia-celular 
859 |a CEMS  |b BIB. CEMS - Depto. Recursos Didacticos  |h 604  |i AVI  |k DRD  |p 2776.19  |t Ej.1